| 000 | 01204nam a22003017a 4500 | ||
|---|---|---|---|
| 003 | BD-DhSAU | ||
| 005 | 20181212123639.0 | ||
| 008 | 151103b2014 bg ||||| |||| 001 0 eng d | ||
| 040 | _aBD-DhSAU | ||
| 082 |
_222 _a630.2 _bR1162 |
||
| 100 |
_aRabin, Mominul Haque _eRegistration no. # 07-02494 |
||
| 245 |
_aEffects of foliar application of urea fertilizer and magic growth liquid fertilizer on the growth yield and nutrient content of aman rice cultivars / _bMS thesis |
||
| 260 |
_aSher-e-Bangla Agricultural Uniersity : _bDepartment of Agricultural Chemistry, _c2014 |
||
| 300 |
_axi, 99 p. : _bill. , _c30 cm. |
||
| 500 | _aMS thesis of Department of Agricultural Chemistry , Faculty of Agriculture, Sher-e-Bangla Agricultural University, Dhaka, Bangladesh | ||
| 590 | _aMd. Sirajul Islam | ||
| 650 | _a Agricultural Chemistry | ||
| 650 | _aFoliar | ||
| 650 | _aUrea | ||
| 650 | _aFertilizer | ||
| 650 | _aGrowth | ||
| 650 | _aYield | ||
| 650 | _aRice | ||
| 700 |
_aRazzaque, Md. Abdur _eSupervisor |
||
| 700 |
_aZamil, Sheikh Sheikh _eCo-Supervisor |
||
| 856 |
_uhttp://archive.saulibrary.edu.bd:8080/xmlui/handle/123456789/2003 _yOnline Access |
||
| 942 |
_2ddc _cTHESIS |
||
| 999 |
_c13212 _d13211 |
||